000 01197cad a22002415a 4500
001 E147863
008 090624s2009 xxkad f s 000 0 eng d
035 _a(Sirsi) u147863
041 0 _aeng
050 0 4 _a333.33 $2 18
110 2 _aCushman and Wakefield
_9244
245 0 0 _aEuropean economic pulse
_bglimmers of hope, is the worst over for Europe?
_h[electronic resource]
260 _aLondon
_bCushman and Wakefield
_c2009
490 0 _aEuropean Economic Pulse
520 _aLooks at the evidence for a slowing of the recession and prospects for recovery. Suggests that Western Europe, especially the UK, is showing more positive indicators that Eastern Europe, although any improvement will be slow everywhere and some countries show a risk of renewed declines. Tables.
521 _aAdvanced
590 _aKA
650 2 4 _aCUSHMAN AND WAKEFIELD EUROPEAN ECONOMIC PULSE
651 4 _aEurope
690 _aPROPERTY-COMMERCIAL PROPERTY-COMMERCIAL PROPERTY MARKET
856 4 0 _uhttps://www.cushwake.com/cwglobal/jsp/kcReportDetail.jsp?Country=GLOBAL&Language=EN&catId=100006&pId=c23700006p
_zView this report (requires registration) free of charge at www.cushwake.com...
942 _n0
999 _c109757
_d109757